Adivina el país o territorio con emojis #1 - Estadísticas

Estadísticas generales
  • Esta prueba ha sido intentada 28 veces
  • La puntuación promedio es 26 de 30
Estadísticas de respuestas
Imagen Respuesta % Correcto
Canadá
100%
China
100%
Estados Unidos
100%
Francia
100%
Italia
100%
Japón
100%
Reino Unido
100%
Alemania
95%
Argentina
95%
Australia
95%
España
95%
India
95%
Irlanda
95%
México
95%
Brasil
91%
Corea del Sur
91%
Egipto
91%
Grecia
91%
Nueva Zelanda
91%
Países Bajos
91%
Rusia
91%
Sudáfrica
82%
Chile
77%
Colombia
77%
Kenia
77%
Cuba
59%
Emiratos Árabes Unidos
55%
Tailandia
55%
Nigeria
45%
Hong Kong
27%
No se encontraron pruebas coincidentes
Distribución de puntuación
Porcentaje de gente con cada puntuación
Porcentaje por número respondido
Historial de tus puntuaciones
No has intentado esta prueba.